000 00269nam a2200133Ia 4500
100 _aGriver V.A
942 _cBK
654 _aFoxpro 2.6
245 _aFoxpro 2.6
260 _bBPB Pub
_aNew Delhi
_c1994
082 _a005.13 'FOX'
546 _aENGLISH
999 _c18821
_d18821